00983nam a22002297i 4500999001700000003000900017008004100026040007100067082002400138110003500162245008000197260007400277300004600351650002900397650002800426710007300454710006000527856001900587942001600606945002100622952011000643 c23274d23274AR-CdUCM250422b20142014 pe||||| |||| 00| 0 spa d aMUNICIPALIDAD PROVINCIAL DEL CUSCOcBIBLIOTECA MUNICIPAL DEL CUSCO aEP / 372 / G55bG55 aGobierno Regional Cusco922459 aChoquequirao, Área de Conservación Regional :bSumaq allin kawsanapaq / aCusco :bCentro de Estudios Regionales Bartolomé de las Casasc2014 a16 páginas. :bIlustracionesc23x21 cm. aLiteratura infantil9588 aPrimera infancia924660 aCentro de Estudios Regionales Andinos Bartolomé de las Casas97768 aChoquequirao : Área de Conservación Regional951135 fwww-cbc.org.pe 2ddccLIBROS apbjrd22-04-2025 002ddc4070aSIbSIcCARTd2025-04-22eDonacióng5.00oEP / 372 / G55 pSI00005011r2025-04-22yLIBROS